More Than 5 Seasons? Quiz Stats

 Plays Quiz Updated May 4, 2015

Challenge
Share
Tweet
Embed
Score 0/20 Timer 03:00
1 Play Today
Show M or F? % Correct
Everybody Loves Raymond???
93.7%
The Golden Girls???
91.6%
Firefly???
85.1%
Revolution???
83.8%
Car 54, Where Are You????
74.8%
Boy Meets World???
74.5%
The Nanny???
71.5%
Major Dad???
70.5%
Everybody Hates Chris???
68.6%
Sanford and Son???
68.3%
Show M or F? % Correct
Hogan's Heroes???
58.9%
Barney Miller???
57.9%
Soap???
56%
Welcome Back, Kotter???
55.7%
Rules of Engagement???
50.7%
The Munsters???
50.6%
My Name is Earl???
49.2%
Alice???
47.2%
Mama's Family???
40.8%
The Jetsons???
32.8%

You're not logged in!

Compare scores with friends on all Sporcle quizzes.
OR
Log In

You Might Also Like...

Show Comments

Extras

Top Quizzes Today


Score Distribution

Your Account Isn't Verified!

In order to create a playlist on Sporcle, you need to verify the email address you used during registration. Go to your Sporcle Settings to finish the process.

Report this User

Report this user for behavior that violates our Community Guidelines.

Details: